000 01500nam a2200253Ia 4500
003 Ost
005 20260507075428.0
008 260507s9999||||xx |||||||||||||| ||und||
020 _a9957063294
040 _cfsecg
041 _aara
082 _a332.12
100 _aالوادي، محمود حسين
_eمؤلف
245 0 _aالمصارف الإسلامية :
_bالأسس النظرية والتطبيقات العملية /
_c محمود حسين الوادي
260 _aعمان:
_bدار المسيرة,
_c2008
300 _a271 صفحة؛
_bإيضاحات ؛
_c24 سم
504 _aبليوغرافيا: ص.269-271
520 _aالنقود والربا والبنوك ،العقود في الفقه الاسلامي ،عقد المضاربة الاسلامي ،الودائع والاستثمار في البنوك الاسلامية ،تمويل المضاربة في البنوك الاسلامية ،بيع المرابحة في البنوك الاسلامية ،المشاركة في البنوك الاسلامية ،أدوات التمويل والاستثمار الاخرى في المصارف الاسلامية ،الأعمال والخدمات المصرفية الاسلامية الاخرى ،قياس وتوزيع الربح في البنوك الاسلامية
653 _aالاقتصاد الاسلامي
653 _aالاقتصاد مالي
653 _aالبنوك الاسلامية
653 _aالفقه الاسلامي
942 _cكتاب
999 _c44500
_d44500